[Event "Rewal op-B 15th"]
[Site "Rewal"]
[Date "2010.08.26"]
[Round "7"]
[White "Czornik, Janusz"]
[Black "Czaja, Roman"]
[Result "0-1"]
[WhiteElo "1853"]
[BlackElo "2046"]
[PlyCount "44"]
[EventDate "2010.08.18"]
[EventType "swiss"]
[EventRounds "9"]
[EventCountry "POL"]
[SourceTitle "EXT 2014"]
[Source "ChessBase"]
[SourceDate "2013.11.20"]
[SourceVersion "1"]
[SourceVersionDate "2013.11.20"]
[SourceQuality "1"]

1. e4 c5 2. Nf3 d6 3. d4 cxd4 4. Nxd4 Nf6 5. Nc3 a6 6. Bg5 e6 7. f4 Nbd7 8. Qf3 Qc7 9. 0-0-0 b5 10. a3 Bb7 11. g4 Be7 12. Bxf6 gxf6 13. f5 e5 14. Nb3 Rc8 15. Qg2 Nb6 16. h4 Rg8 17. Be2 d5 18. exd5 Bxa3 19. Bxb5+ axb5 20. Nxb5 Qc4 21. Nxa3 Qxb3 22. Kb1 Bxd5 0-1

[Event "Rewal op-B 15th"]
[Site "Rewal"]
[Date "2010.08.24"]
[Round "5"]
[White "Somyk, Marcin"]
[Black "Czaja, Roman"]
[Result "1-0"]
[WhiteElo "1871"]
[BlackElo "2046"]
[PlyCount "49"]
[EventDate "2010.08.18"]
[EventType "swiss"]
[EventRounds "9"]
[EventCountry "POL"]
[SourceTitle "EXT 2014"]
[Source "ChessBase"]
[SourceDate "2013.11.20"]
[SourceVersion "1"]
[SourceVersionDate "2013.11.20"]
[SourceQuality "1"]

1. e4 d6 2. d4 g6 3. Nc3 Bg7 4. f4 c6 5. Nf3 Nd7 6. Be3 Ngf6 7. Bd3 0-0 8. 0-0 b5 9. h3 Nb6 10. Qe2 Nfd7 11. g4 b4 12. Nd1 Bb7 13. Qf2 e6 14. f5 exf5 15. gxf5 gxf5 16. Ng5 Qf6 17. Qh4 Qh6 18. Qg3 Qg6 19. exf5 Qh5 20. f6 Nxf6 21. Rxf6 Kh8 22. Rf4 f5 23. Bxf5 Nd5 24. Rh4 Nxe3 25. Nxe3 1-0

[Event "Rewal op-B 14th"]
[Site "Rewal"]
[Date "2009.08.28"]
[Round "8"]
[White "Zochowski, Kacper"]
[Black "Czaja, Roman"]
[Result "1-0"]
[WhiteElo "1793"]
[BlackElo "2086"]
[PlyCount "93"]
[EventDate "2009.08.20"]
[EventType "swiss"]
[EventRounds "9"]
[EventCountry "POL"]
[SourceTitle "EXT 2011"]
[Source "ChessBase"]
[SourceDate "2010.11.26"]
[SourceVersion "1"]
[SourceVersionDate "2010.11.26"]
[SourceQuality "1"]

1. e4 c5 2. Nf3 d6 3. d4 cxd4 4. Nxd4 Nf6 5. Nc3 a6 6. Bd3 e5 7. Nde2 Be6 8. 0-0 Nbd7 9. Kh1 Rc8 10. f4 Be7 11. Ng3 b5 12. a3 Nb6 13. fxe5 dxe5 14. Nf5 Bxf5 15. Rxf5 Qc7 16. Bg5 h6 17. Bh4 0-0 18. Qe1 Ne8 19. Bg3 f6 20. Be2 Nd6 21. Rh5 Rcd8 22. Bg4 Kh7 23. Bf2 Nf7 24. Bxb6 Qxb6 25. Nd5 Qb7 26. Rh3 Bc5 27. Bf5+ Kh8 28. Rc3 Bd6 29. Qg3 g5 30. Nxf6 b4 31. axb4 Qxb4 32. Rb1 Qa5 33. Rf1 Qb5 34. Rcf3 Bc7 35. Qh3 Qe2 36. Nd7 Rg8 37. R3f2 g4 38. Qh5 Qc4 39. b3 Rg5 40. Qh4 Qc6 41. Be6 Qxe6 42. Rxf7 Rg7 43. Rxg7 Kxg7 44. Nc5 Qc6 45. Qe7+ Kh8 46. Ne6 Qd7 47. Qf6+ 1-0

[Event "Rewal op-B 14th"]
[Site "Rewal"]
[Date "2009.08.26"]
[Round "6"]
[White "Czaja, Roman"]
[Black "Galaszewski, Patryk"]
[Result "1-0"]
[WhiteElo "2086"]
[BlackElo "1788"]
[PlyCount "65"]
[EventDate "2009.08.20"]
[EventType "swiss"]
[EventRounds "9"]
[EventCountry "POL"]
[SourceTitle "EXT 2011"]
[Source "ChessBase"]
[SourceDate "2010.11.26"]
[SourceVersion "1"]
[SourceVersionDate "2010.11.26"]
[SourceQuality "1"]

1. d4 g6 2. Nc3 Bg7 3. e4 d6 4. Be3 Nf6 5. f3 0-0 6. Qd2 e5 7. d5 Ne8 8. g4 c5 9. dxc6 bxc6 10. h4 Be6 11. h5 Nf6 12. Bh6 d5 13. Rd1 Qc7 14. Bxg7 Kxg7 15. hxg6 fxg6 16. Qh6+ Kg8 17. g5 Nh5 18. Rxh5 gxh5 19. Qxe6+ Qf7 20. exd5 Qxe6 21. dxe6 Re8 22. Ne4 Kg7 23. Bc4 a5 24. Nf6 Re7 25. Rd8 Kg6 26. Rg8+ Kf5 27. Kf2 h6 28. Nxh5 hxg5 29. Ne2 e4 30. Neg3+ Ke5 31. Rxg5+ Kd4 32. Bb3 a4 33. Ne2# 1-0

[Event "Rewal op-B 14th"]
[Site "Rewal"]
[Date "2009.08.23"]
[Round "4"]
[White "Gora, Jan"]
[Black "Czaja, Roman"]
[Result "0-1"]
[WhiteElo "1796"]
[BlackElo "2086"]
[PlyCount "100"]
[EventDate "2009.08.20"]
[EventType "swiss"]
[EventRounds "9"]
[EventCountry "POL"]
[SourceTitle "EXT 2011"]
[Source "ChessBase"]
[SourceDate "2010.11.26"]
[SourceVersion "1"]
[SourceVersionDate "2010.11.26"]
[SourceQuality "1"]

1. e4 c5 2. a3 d6 3. b4 e6 4. g3 b6 5. Bb5+ Nd7 6. Bc6 Rb8 7. d4 cxd4 8. Qxd4 Qc7 9. b5 Ne7 10. Bxd7+ Bxd7 11. Qd3 Rc8 12. Ra2 d5 13. Nd2 dxe4 14. Nxe4 Nd5 15. Ne2 f5 16. Nd2 Nc3 17. Nxc3 Qxc3 18. Qxc3 Rxc3 19. a4 e5 20. Nb1 Rc7 21. Ba3 Be6 22. Rb2 Rc4 23. Bxf8 Rxf8 24. 0-0 Ke7 25. Nd2 Rxa4 26. Nf3 Kf6 27. Rd1 Rc8 28. Rd6 h6 29. Rd1 Rc5 30. Rdb1 Ra5 31. Nd2 Ra3 32. Rc1 Bc4 33. Nxc4 Rxc4 34. Rd1 Rd4 35. Rxd4 exd4 36. Kf1 Ke5 37. Ke2 Kd5 38. Kd2 Kc4 39. Rb1 Ra2 40. Rb3 Ra5 41. Rb1 Rxb5 42. Re1 a5 43. Re7 a4 44. Rc7+ Rc5 45. Ra7 Ra5 46. Rc7+ Kd5 47. Rd7+ Ke4 48. c3 dxc3+ 49. Kxc3 a3 50. Rd1 a2 0-1

[Event "Rewal op-B 14th"]
[Site "Rewal"]
[Date "2009.08.20"]
[Round "1"]
[White "Czaja, Roman"]
[Black "Wyczawska, Agata"]
[Result "1-0"]
[WhiteElo "2086"]
[BlackElo "1804"]
[PlyCount "45"]
[EventDate "2009.08.20"]
[EventType "swiss"]
[EventRounds "9"]
[EventCountry "POL"]
[SourceTitle "EXT 2011"]
[Source "ChessBase"]
[SourceDate "2010.11.26"]
[SourceVersion "1"]
[SourceVersionDate "2010.11.26"]
[SourceQuality "1"]

1. d4 d5 2. c4 dxc4 3. Nf3 Nf6 4. Nc3 a6 5. g3 e6 6. Bg2 c5 7. 0-0 cxd4 8. Nxd4 Nbd7 9. Qa4 e5 10. Nf5 Rb8 11. Rd1 b5 12. Qc2 Bb7 13. Bxb7 Rxb7 14. Bg5 Qb6 15. Ne4 Nxe4 16. Qxe4 Qc7 17. Rd5 f6 18. Be3 g6 19. Nh6 f5 20. Nxf5 gxf5 21. Qxf5 Qc6 22. Rxd7 Rxd7 23. Qxe5+ 1-0

[Event "Rewal op-B 13th"]
[Site "Rewal"]
[Date "2008.08.21"]
[Round "3"]
[White "Czaja, Roman"]
[Black "Wasik, Jozef"]
[Result "1-0"]
[WhiteElo "2115"]
[BlackElo "1881"]
[PlyCount "87"]
[EventDate "2008.08.19"]
[EventType "swiss"]
[EventRounds "9"]
[EventCountry "POL"]
[SourceTitle "CBM 126 Extra"]
[Source "ChessBase"]
[SourceDate "2008.11.05"]
[SourceVersion "1"]
[SourceVersionDate "2008.11.05"]
[SourceQuality "1"]

1. c4 c5 2. Nc3 Nc6 3. g3 g6 4. Bg2 Bg7 5. e3 d6 6. Nge2 e5 7. a3 Nge7 8. Rb1 Be6 9. d3 a5 10. 0-0 0-0 11. Nd5 f5 12. Nec3 Rb8 13. Bd2 g5 14. f4 Ng6 15. Qe2 gxf4 16. gxf4 exf4 17. Nxf4 Nxf4 18. Rxf4 Be5 19. Rf2 Qh4 20. Bd5 Rbe8 21. Kh1 Kh8 22. Rbf1 f4 23. Bxe6 Rxe6 24. Ne4 Bxb2 25. Be1 Bg7 26. Rxf4 Qe7 27. Rxf8+ Bxf8 28. Qh5 Ne5 29. Qf5 Ng6 30. Bxa5 Bg7 31. Bd8 Qe8 32. Bf6 Bxf6 33. Nxf6 Qe7 34. Nd5 Qe8 35. Rb1 Rxe3 36. Nxe3 Qxe3 37. Qe4 Qxe4+ 38. dxe4 Ne5 39. Rxb7 Nxc4 40. a4 h6 41. Kg1 Kg8 42. Kf2 Kf8 43. Ke2 Ke8 44. h4 1-0

[Event "Rewal op-B 13th"]
[Site "Rewal"]
[Date "2008.08.20"]
[Round "1"]
[White "Czaja, Roman"]
[Black "Misztal, Piotr"]
[Result "1/2-1/2"]
[WhiteElo "2115"]
[BlackElo "1806"]
[PlyCount "73"]
[EventDate "2008.08.19"]
[EventType "swiss"]
[EventRounds "9"]
[EventCountry "POL"]
[SourceTitle "CBM 126 Extra"]
[Source "ChessBase"]
[SourceDate "2008.11.05"]
[SourceVersion "1"]
[SourceVersionDate "2008.11.05"]
[SourceQuality "1"]

1. d4 Nf6 2. c4 g6 3. Nc3 Bg7 4. e4 0-0 5. Be3 d6 6. f3 Nc6 7. Qd2 a6 8. Nge2 Rb8 9. Nc1 e5 10. Nb3 exd4 11. Nxd4 Ne5 12. Be2 c5 13. Nc2 Be6 14. b3 Qa5 15. Nd5 Qxd2+ 16. Bxd2 b5 17. Bg5 Bxd5 18. cxd5 c4 19. Rb1 Rbc8 20. Kd2 h6 21. Bh4 g5 22. Bf2 Nh5 23. g3 f5 24. exf5 Rxf5 25. Nd4 Rf7 26. f4 Nf6 27. fxe5 Ne4+ 28. Ke3 Nxf2 29. e6 Bxd4+ 30. Kxd4 Rf5 31. Rhf1 c3 32. Bg4 Rf6 33. Bh5 c2 34. Rbc1 Kf8 35. Ke3 Nd1+ 36. Rfxd1 cxd1N+ 37. Rxd1 1/2-1/2

[Event "Rewal op-B 13th"]
[Site "Rewal"]
[Date "2008.08.20"]
[Round "2"]
[White "Major, Katarzyna"]
[Black "Czaja, Roman"]
[Result "0-1"]
[WhiteElo "1768"]
[BlackElo "2115"]
[PlyCount "118"]
[EventDate "2008.08.19"]
[EventType "swiss"]
[EventRounds "9"]
[EventCountry "POL"]
[SourceTitle "CBM 126 Extra"]
[Source "ChessBase"]
[SourceDate "2008.11.05"]
[SourceVersion "1"]
[SourceVersionDate "2008.11.05"]
[SourceQuality "1"]

1. d4 Nf6 2. Bg5 e6 3. c4 d5 4. Nc3 Nbd7 5. Nf3 c6 6. e3 Qa5 7. Bxf6 Nxf6 8. Qb3 Ne4 9. cxd5 exd5 10. Bd3 Bd6 11. 0-0 f5 12. Rac1 Qd8 13. Rfd1 Qe7 14. Rc2 0-0 15. Ne2 Be6 16. Ng3 Kh8 17. a4 Rae8 18. a5 a6 19. Rdc1 Bc8 20. Ne2 Bc7 21. Qa4 Nxf2 22. Kxf2 Qxe3+ 23. Kf1 Qxd3 24. Rd2 Qb5 25. Qxb5 axb5 26. a6 Bd7 27. axb7 Rb8 28. Rdc2 Rxb7 29. Ne5 Bxe5 30. dxe5 Re8 31. Nd4 Rxe5 32. Nxc6 Bxc6 33. Rxc6 h6 34. R6c5 b4 35. Rd1 Kh7 36. Rdxd5 Rxd5 37. Rxd5 Kg6 38. Ke2 Rc7 39. Kd3 b3 40. Ke3 Rc2 41. Rd1 f4+ 42. Kd3 Rc5 43. Kd4 Rc6 44. Ke4 Rc4+ 45. Kd3 Rc5 46. Kd4 Rc7 47. Kd3 Rc6 48. Ke4 Kg5 49. Rd5+ Kg4 50. Rb5 Rc4+ 51. Ke5 Rc2 52. h3+ Kh4 53. Rxb3 g5 54. Rb6 h5 55. b4 Rxg2 56. b5 Rb2 57. Rb8 f3 58. Ke4 g4 59. hxg4 hxg4 0-1

[Event "Rewal op-A 12th"]
[Site "Rewal"]
[Date "2007.08.21"]
[Round "1"]
[White "Czaja, Roman"]
[Black "Aliavdin, Nikolai"]
[Result "0-1"]
[WhiteElo "2146"]
[BlackElo "2403"]
[PlyCount "58"]
[EventDate "2007.08.20"]
[EventType "swiss"]
[EventRounds "9"]
[EventCountry "POL"]
[SourceTitle "CBM 120 Extra"]
[Source "ChessBase"]
[SourceDate "2007.11.01"]
[SourceVersion "1"]
[SourceVersionDate "2007.11.01"]
[SourceQuality "1"]

1. c4 c6 2. Nc3 d5 3. d4 Nf6 4. Nf3 a6 5. e3 b5 6. cxd5 cxd5 7. Bd3 Bg4 8. h3 Bxf3 9. Qxf3 e6 10. g4 Nc6 11. g5 Nd7 12. Rg1 g6 13. Bd2 Bg7 14. Rc1 Rc8 15. a4 b4 16. Ne2 Nce5 17. dxe5 Nxe5 18. Nd4 Nxf3+ 19. Nxf3 Rxc1+ 20. Bxc1 Qa5 21. b3 0-0 22. Bd2 Bc3 23. Ke2 Bxd2 24. Kxd2 Rc8 25. Be2 Qc5 26. Bd1 e5 27. Rg4 e4 28. Ne1 Qc3+ 29. Ke2 Qb2+ 0-1

[Event "Lasker Memorial op-A 15th"]
[Site "Barlinek"]
[Date "2007.06.07"]
[Round "7"]
[White "Czaja, Roman"]
[Black "Vas, Peter1111"]
[Result "0-1"]
[WhiteElo "2146"]
[BlackElo "2138"]
[PlyCount "88"]
[EventDate "2007.06.02"]
[EventType "swiss"]
[EventRounds "10"]
[EventCountry "POL"]
[SourceTitle "CBM 118 Extra"]
[Source "ChessBase"]
[SourceDate "2007.07.04"]
[SourceVersion "1"]
[SourceVersionDate "2007.07.04"]
[SourceQuality "1"]

1. d4 d5 2. c4 c6 3. Nc3 Nf6 4. Nf3 e6 5. g3 Nbd7 6. Bg2 Bd6 7. 0-0 dxc4 8. e4 e5 9. Qe2 0-0 10. Qxc4 exd4 11. Nxd4 Ne5 12. Qe2 Bg4 13. Qc2 Bc5 14. Nb3 Bb6 15. h3 Bf3 16. Bxf3 Nxf3+ 17. Kg2 Nd4 18. Nxd4 Qxd4 19. Be3 Qc4 20. Rfe1 Rfe8 21. Bxb6 axb6 22. Qe2 Qxe2 23. Rxe2 b5 24. f3 b4 25. Nd1 Red8 26. Ne3 g6 27. Kf2 Nd7 28. Nc2 b3 29. axb3 Rxa1 30. Nxa1 Nc5 31. Rc2 Ne6 32. b4 Rd3 33. b5 c5 34. Rc3 Rd2+ 35. Ke3 Rxb2 36. Nb3 b6 37. Kd3 Kf8 38. f4 Ke7 39. e5 Nc7 40. Kc4 h5 41. Rc1 h4 42. Kc3 Rg2 43. Nxc5 bxc5 44. Kc4 Rb2 0-1

[Event "Lasker Memorial op-A 15th"]
[Site "Barlinek"]
[Date "2007.06.07"]
[Round "6"]
[White "Orzech, Dominik"]
[Black "Czaja, Roman"]
[Result "1-0"]
[WhiteElo "2335"]
[BlackElo "2146"]
[PlyCount "71"]
[EventDate "2007.06.02"]
[EventType "swiss"]
[EventRounds "10"]
[EventCountry "POL"]
[SourceTitle "CBM 118 Extra"]
[Source "ChessBase"]
[SourceDate "2007.07.04"]
[SourceVersion "1"]
[SourceVersionDate "2007.07.04"]
[SourceQuality "1"]

1. d4 d5 2. Nf3 Nf6 3. c4 c6 4. Nc3 e6 5. cxd5 exd5 6. Bg5 Be7 7. Qc2 Be6 8. e3 Nbd7 9. Bd3 0-0 10. h3 Re8 11. 0-0 Nf8 12. Rab1 N6d7 13. Bf4 g5 14. Bg3 g4 15. hxg4 Bxg4 16. Bf5 Bxf3 17. gxf3 Ng6 18. Kh2 Ndf8 19. Rh1 Bd6 20. f4 Qf6 21. Rbg1 Ne6 22. Bd3 Bxf4 23. exf4 Nexf4 24. Qd2 Ne6 25. Be5 Nxd4 26. Bxf6 Nf3+ 27. Kg3 Nxd2 28. Rd1 Re6 29. Bd4 Nc4 30. Bf5 Ree8 31. Rh4 Nd6 32. Bc2 b6 33. Rdh1 c5 34. Bf6 Re6 35. Nxd5 Ne8 36. Bc3 1-0

[Event "Lasker Memorial op-A"]
[Site "Barlinek"]
[Date "2006.06.11"]
[Round "9"]
[White "Czaja, Roman"]
[Black "Wielosz, Jaroslaw"]
[Result "1/2-1/2"]
[WhiteElo "2144"]
[BlackElo "2023"]
[PlyCount "173"]
[EventDate "2006.06.03"]
[EventType "swiss"]
[EventRounds "9"]
[EventCountry "POL"]
[SourceTitle "CBM 112 Extra"]
[Source "ChessBase"]
[SourceDate "2006.07.14"]
[SourceVersion "1"]
[SourceVersionDate "2006.07.14"]
[SourceQuality "1"]

1. d4 Nf6 2. c4 e6 3. Nc3 Bb4 4. Qc2 c5 5. dxc5 Na6 6. Bd2 0-0 7. g3 Bxc5 8. Bg2 Nb4 9. Qc1 Ng4 10. Nh3 f5 11. 0-0 h5 12. a3 Nc6 13. b4 Bd4 14. Ra2 h4 15. Nb5 hxg3 16. hxg3 Be5 17. Bf4 a5 18. Bxe5 Ncxe5 19. Rd2 axb4 20. axb4 Ra4 21. Qc3 Nc6 22. Rb1 Qf6 23. Qb3 Rxb4 24. Qc2 Qe5 25. Rxb4 Nxb4 26. Qb3 Qc5 27. Nd6 Nc6 28. Nxc8 Rxc8 29. Qxb7 Nce5 30. Rxd7 Nxd7 31. Qxd7 Qxc4 32. Ng5 Qc1+ 33. Bf1 Qxg5 34. Qxe6+ Kh7 35. Qxc8 f4 36. Qc2+ Kh6 37. Qd2 fxg3 38. Qd6+ Nf6 39. Qxg3 Qxg3+ 40. fxg3 Kg5 41. Bh3 Ne4 42. Kg2 Kf6 43. Kf3 Ke5 44. Bc8 Nf6 45. Bb7 g5 46. Bc8 Kd4 47. Bb7 Ke5 48. e3 Kd6 49. Ke2 Ke5 50. Kd3 Nh5 51. g4 Nf6 52. Bc8 Nd5 53. Bb7 Nf6 54. Bf3 Nd7 55. Kc4 Nf8 56. Kc5 Ng6 57. Bd5 Ne7 58. Bg2 Ng6 59. Bf3 Ne7 60. Kb6 Kd6 61. Kb7 Ng6 62. Kc8 Ne5 63. Be2 Nc6 64. Bd1 Nb4 65. Bb3 Nc6 66. Bc2 Ne7+ 67. Kd8 Nd5 68. Ke8 Nxe3 69. Kf7 Ke5 70. Kg6 Kf4 71. Ba4 Nxg4 72. Bd1 Ne3 73. Be2 Nd5 74. Bd1 Nc3 75. Bh5 Ne4 76. Bd1 Nf2 77. Be2 Nh1 78. Bh5 Ng3 79. Bd1 Nf5 80. Be2 Nh4+ 81. Kh5 Nf5 82. Kg6 Ne3 83. Kh5 Kf5 84. Bd3+ Kf6 85. Be2 Ng2 86. Bf3 Nf4+ 87. Kg4 1/2-1/2

[Event "Lasker Memorial op-A"]
[Site "Barlinek"]
[Date "2006.06.09"]
[Round "7"]
[White "Czaja, Roman"]
[Black "Strzemiecki, Zbigniew"]
[Result "0-1"]
[WhiteElo "2144"]
[BlackElo "2332"]
[PlyCount "79"]
[EventDate "2006.06.03"]
[EventType "swiss"]
[EventRounds "9"]
[EventCountry "POL"]
[SourceTitle "CBM 112 Extra"]
[Source "ChessBase"]
[SourceDate "2006.07.14"]
[SourceVersion "1"]
[SourceVersionDate "2006.07.14"]
[SourceQuality "1"]

1. c4 e6 2. Nc3 f5 3. g3 Nf6 4. Bg2 Bb4 5. Qc2 0-0 6. b3 Nc6 7. a3 Be7 8. e3 e5 9. b4 e4 10. d4 exd3 11. Qxd3 a5 12. b5 Ne5 13. Qd4 d6 14. Nf3 c5 15. bxc6 Nxc6 16. Qd2 Be6 17. Qe2 Ne5 18. Nd2 Rc8 19. Bxb7 Rxc4 20. Nxc4 Bxc4 21. Qc2 d5 22. Ne2 Qd7 23. Rb1 Bd3 24. Qb2 Nc4 25. Qa2 Bxb1 26. Qxb1 Bxa3 27. Bxa3 Nxa3 28. Qb3 Nc4 29. Nf4 a4 30. Qb4 Ne5 31. Ke2 g5 32. Ng2 Kg7 33. Rb1 Rb8 34. f4 gxf4 35. Nxf4 a3 36. Qd4 Rxb7 37. Qxe5 Rxb1 38. Nh5+ Kg6 39. Qxf6+ Kxh5 40. Kf3 0-1

[Event "Lasker Memorial op-A"]
[Site "Barlinek"]
[Date "2006.06.07"]
[Round "5"]
[White "Czaja, Roman"]
[Black "Czaus, Piotr"]
[Result "1-0"]
[WhiteElo "2144"]
[BlackElo "1799"]
[PlyCount "77"]
[EventDate "2006.06.03"]
[EventType "swiss"]
[EventRounds "9"]
[EventCountry "POL"]
[SourceTitle "CBM 112 Extra"]
[Source "ChessBase"]
[SourceDate "2006.07.14"]
[SourceVersion "1"]
[SourceVersionDate "2006.07.14"]
[SourceQuality "1"]

1. d4 Nf6 2. c4 g6 3. Nc3 Bg7 4. e4 d6 5. f3 0-0 6. Be3 e5 7. Nge2 Nc6 8. d5 Ne7 9. Qd2 Ne8 10. Nc1 f5 11. b4 a5 12. bxa5 f4 13. Bf2 g5 14. Nb3 Nf6 15. c5 Ng6 16. cxd6 cxd6 17. Bb6 Qe7 18. Nb5 g4 19. Qb4 Ne8 20. 0-0-0 gxf3 21. gxf3 Nh4 22. Be2 Bd7 23. Na7 Ng2 24. Kb1 Ne3 25. Rc1 Kh8 26. Bb5 Nxd5 27. exd5 Bf5+ 28. Kb2 e4+ 29. Ka3 Qe5 30. Nd4 e3 31. Bxe8 Rfxe8 32. Nab5 Rg8 33. Rhg1 Bg6 34. Nc7 Rac8 35. Nde6 Qf5 36. Nxg7 Kxg7 37. Ne6+ Kh6 38. Qxf4+ Qxf4 39. Nxf4 1-0

[Event "Lasker Memorial op-A"]
[Site "Barlinek"]
[Date "2006.06.04"]
[Round "2"]
[White "Czaja, Roman"]
[Black "Tomczak, Jacek"]
[Result "0-1"]
[WhiteElo "2144"]
[BlackElo "2369"]
[PlyCount "92"]
[EventDate "2006.06.03"]
[EventType "swiss"]
[EventRounds "9"]
[EventCountry "POL"]
[SourceTitle "CBM 112 Extra"]
[Source "ChessBase"]
[SourceDate "2006.07.14"]
[SourceVersion "1"]
[SourceVersionDate "2006.07.14"]
[SourceQuality "1"]

1. d4 d5 2. Nf3 Nf6 3. c4 dxc4 4. Nc3 a6 5. g3 b5 6. Bg2 Bb7 7. 0-0 e6 8. a4 b4 9. Nb1 a5 10. Qc2 Bd5 11. Nbd2 b3 12. Qb1 Bb7 13. e4 Ba6 14. Rd1 Nc6 15. e5 Nd5 16. Qe4 Ncb4 17. Bf1 Nb6 18. Qf4 Qd7 19. Ne4 N6d5 20. Qg4 Nc2 21. Rb1 Qxa4 22. Bd2 Qb5 23. Bc3 a4 24. Nc5 h5 25. Qe4 Bxc5 26. dxc5 Qxc5 27. Nd2 Nb6 28. Nf3 Bb5 29. Nd4 Nxd4 30. Bxd4 Qd5 31. Qxd5 Nxd5 32. Rdc1 Kd7 33. Bxc4 Bxc4 34. Rxc4 Rhb8 35. Bc5 Ra6 36. Ra1 Rb5 37. Ba3 Nb6 38. Rf4 Ke8 39. Rc1 Nd5 40. Rh4 g6 41. g4 Nf4 42. Rxc7 Rxe5 43. Re7+ Kd8 44. Kf1 Rc6 45. Rc7 Ra6 46. Re7 Rc6 0-1